SAT Words HARD Click Quiz - C #3 - Statistics

General Stats
  • This quiz has been taken 356 times
  • The average score is 10 of 15
Answer Stats
Hint Answer % Correct
In a state of unresponsiveness or immobility Catatonic
88%
Emotional release or purification Catharsis
87%
Edible Comestible
82%
Rude and ill-mannered Churlish
78%
Friendly and lively Convivial
78%
Ancient Celtic stringed instrument Crwth
78%
Engage in noisy, drunken revelry Carouse
75%
Large, destructive fire Conflagration
74%
Clear, logical, and convincing Cogent
70%
Small, toothlike structure on some fish scales Cteni
66%
Careful and suspicious Circumspect
65%
Embarrassing mishap Contretemps
58%
Musical, tuneful, melodious Canorous
51%
Overly critical and nitpicking Captious
48%
Relating to prostitution Cyprian
46%
No matching quizzes found
Score Distribution
Percent of People with Each Score
Percentile by Number Answered
Your Score History
You have not taken this quiz